000 00654nam a2200277Ia 4500
005 20260324123750.0
008 008 260324s9999 xx 000 0 eng d
020 _a9780203815830
037 _aEBOOK
040 _aCRL
040 _beng
040 _cCRL
041 _2eng
041 _aeng
084 _qCRL
100 _aAnna Grandori; Laura Gaillard Giordani
_91171569
245 0 _aOrganizing Entrepreneurship
260 _bTaylor and Francis
260 _c2011
365 _a
365 _b300
856 _uhttp://www.taylorfrancis.com/books/9780203815830
942 _cEBOOK
999 _c1765363
_d1765363